00670cam a2200193 a 4500020002800000082001700028100002400045245004200069260004400111300001300155500008200168650002400250650003700274700002100311700002400332942000700356952009600363999001700459 a0836190521 (alk. paper)00a291.172bKAT1 aKateregga, Badru D.12aA Muslim and a Christian in dialogue  aScottdale, Pa. :bHerald Press,cc1997. a219 p. ; aOringinally published: Islam and Christianity. Nairobi, Kenya : Uzima, c1980. 0aInterfaith dialogue 0aChristianity and other religions1 aShenk, David W.,1 aKateregga, Badru D. cBK 00104070aHMIbHMIcGENd2018-11-19l0o291.172 KATp11002908r2026-01-16w2026-01-16yBK c22516d22516